000 00481nam a2200157 4500
008 160930b xxu||||| |||| 00| 0 eng d
022 _a16565649
082 _aDPer 303.405 H22 May-Sept 2015 n. 6-10
100 _915623
_aWong, Marcus
245 _aSizing down then pros/
_cMarcus Wong.
260 _aQuezon City:
_bHardware Zone Phils. Corp.,
_cc2015.
300 _apages 50-61;
_c30 cm.
500 _aHWM Philippines.
650 0 _915624
_aDigital cameras
942 _2ddc
_cPER
999 _c4980
_d4980